000 00477nam a2200157 i 4500
001 69538
003 ES-MaACL
005 20230906170538.0
007 t|
008 040707s1919 sp ||||1| spa d
100 1 _aGarcía del Diestro, J.
_954513
245 1 0 _aEstudio clínico de la tuberculosis gangliopulmonar en los niños /
_cpor J. García del Diestro.
260 _aMadrid :
_bEspasa-Calpe,
_c1919.
300 _a101 p., 4 lám. ;
_c24 cm.
852 _aES-MaACL
_jB-11383
999 _c69538
_d69538